书目信息 |
| 题名: |
新思维单词记忆法
|
|
| 作者: | 张科平 编著 | |
| 分册: | ||
| 出版信息: | 广州 广东高等教育出版社 2005.04 |
|
| 页数: | 167页 | |
| 开本: | 26cm | |
| 丛书名: | ||
| 单 册: | ||
| 中图分类: | H313.1 | |
| 科图分类: | ||
| 主题词: | 英语--ying yu--词汇--记忆术 | |
| 电子资源: | ||
| ISBN: | 7-5361-3086-4 | |
| 000 | 00948nam0 2200265 450 | |
| 001 | 012006661969 | |
| 005 | 20070611163406.23 | |
| 010 | @a7-5361-3086-4@dCNY20.00 | |
| 100 | @a20061214d2005 km y0chiy0120 ea | |
| 101 | 0 | @achi |
| 102 | @aCN@b440000 | |
| 105 | @aak a 000yy | |
| 200 | 1 | @a新思维单词记忆法@Axin si wei dan ci ji yi fa@e韦氏音标与词根词缀@f张科平编著@Fzhang ke ping bian zhu |
| 210 | @a广州@c广东高等教育出版社@d2005.04 | |
| 215 | @a167页@c图@d26cm | |
| 312 | @a并列题名取自封面 | |
| 320 | @a有书目 | |
| 330 | @a本书主要通过学习韦氏音标与词根词缀,给读者提供英语单词的记忆方法。通过讲解26个英文字母的组合读音,展示英语单词中字母组合读音规律。 | |
| 510 | 1 | @aMnemonics on vocabulary@zeng |
| 517 | 1 | @a韦氏音标与词根词缀@Awei shi yin biao yu ci gen ci zhui |
| 606 | 0 | @a英语@Aying yu@x词汇@x记忆术 |
| 690 | @aH313.1@v4 | |
| 701 | 0 | @a张科平@Azhang ke ping@4编著 |
| 801 | 0 | @aCN@c20070611 |
| 905 | @a10447@dH313.1@eZ134 | |
| 新思维单词记忆法:韦氏音标与词根词缀/张科平编著.-广州:广东高等教育出版社,2005.04 |
| 167页:图;26cm |
| ISBN 7-5361-3086-4:CNY20.00 |
| 本书主要通过学习韦氏音标与词根词缀,给读者提供英语单词的记忆方法。通过讲解26个英文字母的组合读音,展示英语单词中字母组合读音规律。 |
| ● |
| 相关链接 |
|
|
|
正题名:新思维单词记忆法
索取号:H313.1/Z134
 
预约/预借
| 序号 | 登录号 | 条形码 | 馆藏地/架位号 | 状态 | 备注 |
| 1 | 232338 | 202323388 | 语言库209/209语言库 33排5列6层/ [索取号:H313.1/Z134] | 在馆 | |
| 2 | 232339 | 202323397 | 语言库209/209语言库 33排5列6层/ [索取号:H313.1/Z134] | 在馆 | |
| 3 | 232340 | 202323404 | 语言库209/209语言库 33排5列6层/ [索取号:H313.1/Z134] | 在馆 | |
| 4 | 232341 | 202323413 | 语言库209/209语言库 33排5列6层/ [索取号:H313.1/Z134] | 在馆 | |
| 5 | 232342 | 202323422 | 语言库209/209语言库 33排5列6层/ [索取号:H313.1/Z134] | 在馆 |